|
|
|
|
| LEADER |
00000cam a2200000 c 4500 |
| 001 |
1651755310 |
| 003 |
DE-627 |
| 005 |
20260312090634.0 |
| 007 |
tu |
| 008 |
910402s1988 xx ||||| m 00| ||ger c |
| 015 |
|
|
|a 89,H01,1246
|2 dnb
|
| 016 |
7 |
|
|a 890123179
|2 DE-101
|
| 035 |
|
|
|a (DE-627)1651755310
|
| 035 |
|
|
|a (DE-576)023749733
|
| 035 |
|
|
|a (DE-599)DNB890123179
|
| 035 |
|
|
|a (OCoLC)1578992383
|
| 035 |
|
|
|a (OCoLC)74992913
|
| 040 |
|
|
|a DE-627
|b ger
|c DE-627
|e rakwb
|
| 041 |
|
|
|a ger
|
| 084 |
|
|
|a 33
|2 sdnb
|
| 100 |
1 |
|
|a Schille, Michaela
|0 (DE-588)1392718406
|0 (DE-627)1965056415
|4 aut
|
| 245 |
1 |
4 |
|a Der Einfluss von endogenem und exogenem Dopamin auf die Pathogenese und die Inzidenz von gastroduodenalen Ulcera
|c Michaela Schille
|
| 264 |
|
1 |
|c 1988
|
| 300 |
|
|
|a 118 Bl.
|b graph. Darst.
|
| 336 |
|
|
|a Text
|b txt
|2 rdacontent
|
| 337 |
|
|
|a ohne Hilfsmittel zu benutzen
|b n
|2 rdamedia
|
| 338 |
|
|
|a Band
|b nc
|2 rdacarrier
|
| 502 |
|
|
|a Heidelberg, Univ., Diss., 1988 (Nicht f.d. Austausch)
|
| 583 |
1 |
|
|a Archivierung prüfen
|c 20200919
|f DE-640
|z 2
|2 pdager
|
| 655 |
|
7 |
|a Hochschulschrift
|0 (DE-588)4113937-9
|0 (DE-627)105825778
|0 (DE-576)209480580
|2 gnd-content
|
| 951 |
|
|
|a BO
|
| 992 |
|
|
|a 20260312
|
| 993 |
|
|
|a Thesis
|
| 994 |
|
|
|a 1988
|
| 998 |
|
|
|g 1392718406
|a Schille, Michaela
|m 1392718406:Schille, Michaela
|d 60000
|d 60001
|e 60000PS1392718406
|e 60001PS1392718406
|k 0/60000/
|k 1/60000/60001/
|p 1
|x j
|y j
|
| 999 |
|
|
|a KXP-PPN1651755310
|e 4933783128
|
| BIB |
|
|
|a Y
|
| JSO |
|
|
|a {"title":[{"title":"Der Einfluss von endogenem und exogenem Dopamin auf die Pathogenese und die Inzidenz von gastroduodenalen Ulcera","title_sort":"Einfluss von endogenem und exogenem Dopamin auf die Pathogenese und die Inzidenz von gastroduodenalen Ulcera"}],"name":{"displayForm":["Michaela Schille"]},"type":{"bibl":"thesis"},"origin":[{"dateIssuedKey":"1988","dateIssuedDisp":"1988"}],"recId":"1651755310","person":[{"given":"Michaela","display":"Schille, Michaela","role":"aut","family":"Schille"}],"physDesc":[{"noteIll":"graph. Darst.","extent":"118 Bl."}],"language":["ger"],"id":{"eki":["1651755310"]},"noteThesis":["Heidelberg, Univ., Diss., 1988 (Nicht f.d. Austausch)"]}
|
| SRT |
|
|
|a SCHILLEMICEINFLUSSVO1988
|